Vneštetorgovye otnošenia Slovakii i Kazachstana
Na minha lista:
| Autor principal: | |
|---|---|
| Formato: | Capítulo de Livro |
| Idioma: | russo |
| Assuntos: | |
| Tags: |
Sem tags, seja o primeiro a adicionar uma tag!
|
MARC
| LEADER | 00000naa$a2200000$$$4500 | ||
|---|---|---|---|
| 001 | 0281538 | ||
| 005 | 20240502083905.8 | ||
| 041 | 0 | |a rus | |
| 044 | |a KZ | ||
| 245 | 1 | 0 | |a Vneštetorgovye otnošenia Slovakii i Kazachstana |c Anabela Luptáková |
| 610 | 2 | 0 | |a obchod zahraničný |
| 610 | 2 | 0 | |a Slovensko |
| 610 | 2 | 0 | |a Kazachstan |
| 100 | 1 | |a Luptáková, Anabela, 1995- | |